000 00546njm a2200181 i 4500
001 C2-0255176
003 PPAK
005 20180729152224.0
008 040522s2002 my |||| ||||| | may d
040 _aPPAK
_beng
_cPPAK
_erda
245 0 0 _aRiwayat hidup Tan Sri Khalid Abdullah
264 1 _aAlor Setar, Kedah :
_bPerbadanan Perpustakaan Awam Kedah ,
_c2002
336 _2rdacontent
_atext
337 _2rdamedia
_aunmediated
338 _2rdacarrier
_avolume
500 _aMempunyai transkripsi ; Dirakamkan pada 12/06/2002
942 _ddc
_cB
999 _c163301
_d163301